MARC details
| 000 -LEADER |
| fixed length control field |
02313cam a22005534a 4500 |
| 001 - CONTROL NUMBER |
| control field |
muse86493 |
| 003 - CONTROL NUMBER IDENTIFIER |
| control field |
MdBmJHUP |
| 005 - DATE AND TIME OF LATEST TRANSACTION |
| control field |
20210127151723.0 |
| 006 - FIXED-LENGTH DATA ELEMENTS--ADDITIONAL MATERIAL CHARACTERISTICS |
| fixed length control field |
m o d |
| 007 - PHYSICAL DESCRIPTION FIXED FIELD--GENERAL INFORMATION |
| fixed length control field |
cr||||||||nn|n |
| 008 - FIXED-LENGTH DATA ELEMENTS--GENERAL INFORMATION |
| fixed length control field |
200531r20201950ncu o 00 0 eng d |
| 020 ## - INTERNATIONAL STANDARD BOOK NUMBER |
| International Standard Book Number |
9781469657349 |
| 020 ## - INTERNATIONAL STANDARD BOOK NUMBER |
| Canceled/invalid ISBN |
1469657341 |
| 020 ## - INTERNATIONAL STANDARD BOOK NUMBER |
| Canceled/invalid ISBN |
9781469657332 |
| 035 ## - SYSTEM CONTROL NUMBER |
| System control number |
(OCoLC)1157971632 |
| 040 ## - CATALOGING SOURCE |
| Original cataloging agency |
MdBmJHUP |
| Transcribing agency |
MdBmJHUP |
| 041 1# - LANGUAGE CODE |
| Language code of text/sound track or separate title |
eng |
| Language code of original |
ger |
| 050 #4 - LIBRARY OF CONGRESS CALL NUMBER |
| Classification number |
PT2295.H2 |
| Item number |
C8 1950 |
| 082 0# - DEWEY DECIMAL CLASSIFICATION NUMBER |
| Classification number |
832.77 |
| 100 1# - MAIN ENTRY--PERSONAL NAME |
| Personal name |
Hebbel, Friedrich, |
| Dates associated with a name |
1813-1863, |
| Relator term |
author. |
| 240 10 - UNIFORM TITLE |
| Uniform title |
Herodes und Mariamne. |
| Language of a work |
English |
| 245 10 - TITLE STATEMENT |
| Title |
Herod and Mariamne |
| Remainder of title |
A Tragedy in Five Acts by Friedrich Hebbel / |
| Statement of responsibility, etc. |
by Freidrich Hebbel ; translated by Paul H. Curts. |
| 264 #1 - PRODUCTION, PUBLICATION, DISTRIBUTION, MANUFACTURE, AND COPYRIGHT NOTICE |
| Name of producer, publisher, distributor, manufacturer |
Project Muse, |
| 264 #3 - PRODUCTION, PUBLICATION, DISTRIBUTION, MANUFACTURE, AND COPYRIGHT NOTICE |
| Name of producer, publisher, distributor, manufacturer |
Project MUSE, |
| 300 ## - PHYSICAL DESCRIPTION |
| Extent |
1 online resource (1 EPUB unpaged.) |
| 490 0# - SERIES STATEMENT |
| Series statement |
UNC studies in the Germanic languages and literatures ; |
| Volume/sequential designation |
number 3 |
| 500 ## - GENERAL NOTE |
| General note |
Issued as part of book collections on Project MUSE. |
| 506 0# - RESTRICTIONS ON ACCESS NOTE |
| Terms governing access |
Open Access |
| Standardized terminology for access restriction |
Unrestricted online access |
| Source of term |
star |
| 520 ## - SUMMARY, ETC. |
| Summary, etc. |
Originally published in 1950, this volume contains a vivid English verse translation by Paul H. Curts of one of the most profound and moving tragedies of German literature. |
| 588 ## - SOURCE OF DESCRIPTION NOTE |
| Source of description note |
Description based on print version record. |
| 600 01 - SUBJECT ADDED ENTRY--PERSONAL NAME |
| Personal name |
Mariamne, |
| Titles and other words associated with a name |
consort of Herod I, King of Judea, |
| Dates associated with a name |
approximately 57 B.C.-approximately 29 B.C. |
| Form subdivision |
Drama. |
| 600 01 - SUBJECT ADDED ENTRY--PERSONAL NAME |
| Personal name |
Herod |
| Numeration |
I, |
| Titles and other words associated with a name |
King of Judea, |
| Dates associated with a name |
73 B.C.-4 B.C. |
| Form subdivision |
Drama. |
| 655 #0 - INDEX TERM--GENRE/FORM |
| Genre/form data or focus term |
Electronic books. |
| 655 #0 - INDEX TERM--GENRE/FORM |
| Genre/form data or focus term |
Verse drama. |
| Source of term |
lcgft |
| 655 #0 - INDEX TERM--GENRE/FORM |
| Genre/form data or focus term |
Historical drama. |
| Source of term |
lcgft |
| 655 #0 - INDEX TERM--GENRE/FORM |
| Genre/form data or focus term |
Tragedies (Drama) |
| Source of term |
lcgft |
| 655 #7 - INDEX TERM--GENRE/FORM |
| Genre/form data or focus term |
Electronic books. |
| Source of term |
local |
| 700 1# - ADDED ENTRY--PERSONAL NAME |
| Personal name |
Curts, Paul Holroyd, |
| Dates associated with a name |
1884-1970, |
| Relator term |
translator. |
| 710 2# - ADDED ENTRY--CORPORATE NAME |
| Corporate name or jurisdiction name as entry element |
Project Muse, |
| Relator term |
distributor. |
| 776 18 - ADDITIONAL PHYSICAL FORM ENTRY |
| Relationship information |
Print version: |
| Record control number |
(DLC) 51000895 |
| International Standard Book Number |
9781469657332 |
| -- |
1469657333 |
| 710 2# - ADDED ENTRY--CORPORATE NAME |
| Corporate name or jurisdiction name as entry element |
Project Muse. |
| Relator term |
distributor |
| 830 #0 - SERIES ADDED ENTRY--UNIFORM TITLE |
| Uniform title |
University of North Carolina studies in the Germanic languages and literatures ; |
| Volume/sequential designation |
no. 3. |
| 830 #0 - SERIES ADDED ENTRY--UNIFORM TITLE |
| Uniform title |
Book collections on Project MUSE. |
| 856 40 - ELECTRONIC LOCATION AND ACCESS |
| Public note |
Full text available: |
| Uniform Resource Identifier |
<a href="https://muse.jhu.edu/book/75786/">https://muse.jhu.edu/book/75786/</a> |